Administration in business made simple /

Guardat en:
Dades bibliogràfiques
Autor principal: Pitfield, Ronald R. (Ronald Reuben)
Format: Llibre
Idioma:English
Publicat: London [England] : W.H. Allen, 1980.
Col·lecció:Made simple books
Matèries:
LEADER 01053nam a2200289 a 4500
001 c000183772
003 CARM
005 20050608141018.0
008 820721s1980 enka b 001 0 eng d
019 1 |a 2193645  |5 LACONCORD2021 
020 |a 0491026323 (pbk.) 
020 |a 0491026226 
035 |a (OCoLC)7118617  |5 LACONCORD2021 
040 |a APLS  |b eng  |c APLS  |d NSL:R 
082 0 4 |a 658  |2 19 
100 1 |a Pitfield, Ronald R.  |q (Ronald Reuben) 
245 1 0 |a Administration in business made simple /  |c Ronald R. Pitfield. 
260 |a London [England] :  |b W.H. Allen,  |c 1980. 
300 |a xiv, 240 p. :  |b ill. ;  |c 23 cm. 
440 0 |a Made simple books 
500 |a Includes index. 
504 |a Bibliography: p. [233] 
650 0 |a Business  |x Programmed instruction. 
650 0 |a Management  |x Programmed instruction. 
852 8 |b CARM  |h A2:AK31B0  |i B05479  |p 0255871  |f BK 
999 f f |i fce22cd0-5ab5-5d54-8c52-f27d5a8f3878  |s af9f78cc-c514-5761-897b-349986cffe3f 
952 f f |p Can circulate  |a CAVAL  |b CAVAL  |c CAVAL  |d CARM 1 Store  |e B05479  |f A2:AK31B0  |h Other scheme  |i book  |m 0255871